Задачи теории термоупругой диффузии в процессах поверхностной обработки материалов; ХI Всероссийский съезд по фундаментальным проблемам теоретической и прикладной механики

Bibliographic Details
Parent link:ХI Всероссийский съезд по фундаментальным проблемам теоретической и прикладной механики.— 2015.— [С. 1819-1821]
Main Author: Князева А. Г. Анна Георгиевна
Corporate Authors: Национальный исследовательский Томский политехнический университет (ТПУ) Институт физики высоких технологий (ИФВТ) Кафедра физики высоких технологий в машиностроении (ФВТМ), Национальный исследовательский Томский политехнический университет (ТПУ) Институт физики высоких технологий (ИФВТ) Учебно-научная межотраслевая междисциплинарная лаборатория "Моделирование физико-химических процессов в современных технологиях" (УНММЛ "МФХПСТ")
Other Authors: Парфёнова Е. С. Елена Сергеевна, Демидов В. Н. Валерий Николаевич
Summary:Заглавие с титульного листа
Представлена модель теории термоупругой диффузии и ее обобщение на многокомпонентные среды с вакансиями и химическими реакциями. Простейший вариант модели включает уравнения равновесия с учетом сил инерции, уравнения баланса тепла и компонентов, а также линейные определяющие соотношения между приращениями упругих напряжений, химических потенциалов компонентов и энтропии, с одной стороны, и приращениями деформаций, концентраций и температуры, с другой стороны. Уравнения для потоков тепла и компонентов в общем случае включают соответствующие времена релаксации. В качестве приложения рассматривается задача об обработке поверхности материала потоком частиц.
Language:Russian
Published: 2015
Subjects:
Online Access:http://elibrary.ru/item.asp?id=24824232
Format: Electronic Book Chapter
KOHA link:https://koha.lib.tpu.ru/cgi-bin/koha/opac-detail.pl?biblionumber=646960

MARC

LEADER 00000naa0a2200000 4500
001 646960
005 20250611093531.0
035 |a (RuTPU)RU\TPU\network\12097 
090 |a 646960 
100 |a 20160322d2015 k y0rusy50 ca 
101 0 |a rus 
102 |a RU 
135 |a drcn ---uucaa 
181 0 |a i  
182 0 |a b 
200 1 |a Задачи теории термоупругой диффузии в процессах поверхностной обработки материалов  |f А. Г. Князева, Е. С. Парфёнова, В. Н. Демидов 
203 |a Текст  |c электронный 
300 |a Заглавие с титульного листа 
320 |a [Библиогр.: с. 1821 (12 назв.)] 
330 |a Представлена модель теории термоупругой диффузии и ее обобщение на многокомпонентные среды с вакансиями и химическими реакциями. Простейший вариант модели включает уравнения равновесия с учетом сил инерции, уравнения баланса тепла и компонентов, а также линейные определяющие соотношения между приращениями упругих напряжений, химических потенциалов компонентов и энтропии, с одной стороны, и приращениями деформаций, концентраций и температуры, с другой стороны. Уравнения для потоков тепла и компонентов в общем случае включают соответствующие времена релаксации. В качестве приложения рассматривается задача об обработке поверхности материала потоком частиц. 
337 |a Adobe Reader 
463 |t ХI Всероссийский съезд по фундаментальным проблемам теоретической и прикладной механики  |o сборник докладов, г. Казань, 20 - 24 августа 2015 г.  |f Казанский (Приволжский) федеральный университет (КФУ)  |v [С. 1819-1821]  |d 2015 
610 1 |a электронный ресурс 
610 1 |a труды учёных ТПУ 
610 1 |a термоупругость 
610 1 |a диффузия 
700 1 |a Князева  |b А. Г.  |c российский физик  |c профессор Томского политехнического университета, доктор физико-математических наук  |f 1962-  |g Анна Георгиевна  |3 (RuTPU)RU\TPU\pers\25578  |9 11508 
701 1 |a Парфёнова  |b Е. С.  |c инженер Томского политехнического университета  |c химик-технолог  |f 1989-  |g Елена Сергеевна  |3 (RuTPU)RU\TPU\pers\32757 
701 1 |a Демидов  |b В. Н.  |c физик  |c доцент Томского политехнического университета, кандидат физико-математических наук  |f 1952-  |g Валерий Николаевич  |3 (RuTPU)RU\TPU\pers\32707 
712 0 2 |a Национальный исследовательский Томский политехнический университет (ТПУ)  |b Институт физики высоких технологий (ИФВТ)  |b Кафедра физики высоких технологий в машиностроении (ФВТМ)  |3 (RuTPU)RU\TPU\col\18687 
712 0 2 |a Национальный исследовательский Томский политехнический университет (ТПУ)  |b Институт физики высоких технологий (ИФВТ)  |b Учебно-научная межотраслевая междисциплинарная лаборатория "Моделирование физико-химических процессов в современных технологиях" (УНММЛ "МФХПСТ")  |3 (RuTPU)RU\TPU\col\19311 
801 2 |a RU  |b 63413507  |c 20160322  |g RCR 
850 |a 63413507 
856 4 |u http://elibrary.ru/item.asp?id=24824232 
942 |c CF